LEADER 01493nam--2200397---450- 001 990001188480203316 005 20100610140940.0 010 $a3-248-11039-0 035 $a000118848 035 $aUSA01000118848 035 $a(ALEPH)000118848USA01 035 $a000118848 100 $a20031009d2003----km-y0itay0103----ba 101 0 $ager 102 $aDE 105 $ay|||z|||001yy 200 1 $aVefassungsmäßigkeit berufs- und standsrechtlicher Werbebeschränkungen für Angehörige freier Berufe$eDargestellt am Beispiel der Regelungen für Rechtsanwälte, Ärzte und Apotheker$fvon Wolfgang Bomba 210 $aBerlin$cDunker & Humblot$dcopyr. 2003 215 $a426 p.$d23 cm 225 2 $aSchriften zum Öffentlichen Recht$v917 410 0$aSchriften zum Öffentlichen Recht$12001 606 0 $aDiritto pubblico$yGermania 606 0 $aDiritto costituzionale$yGermania 676 $a342.43 700 1$aBOMBA,$bWolfgang$0498051 801 0$aIT$bsalbc$gISBD 912 $a990001188480203316 951 $aXXIV.1. Coll. 1/ 259 (Coll. AVO 917)$b36495 G.$cXXIV.1. Coll. 1/ 259 (Coll. AVO)$d00086529 959 $aBK 969 $aGIU 979 $aPAOLA$b90$c20031009$lUSA01$h1053 979 $aPATRY$b90$c20040406$lUSA01$h1725 979 $aRSIAV4$b90$c20100610$lUSA01$h1409 979 $aCHIARA$b90$c20120517$lUSA01$h0928 996 $aVefassungsmäßigkeit berufs- und standsrechtlicher Werbebeschränkungen für Angehörige freier Berufe$9982856 997 $aUNISA LEADER 01330nam 2200337Ia 450 001 996393878203316 005 20221108060148.0 035 $a(CKB)4940000000119099 035 $a(EEBO)2240917150 035 $a(OCoLC)45097809 035 $a(EXLCZ)994940000000119099 100 $a20000929d1671 uy 0 101 0 $aeng 135 $aurbn||||a|bb| 200 10$aVocabularium parvum anglo-latinum$b[electronic resource] $ein usum puerulorum, qui prima Latinæ linguæ tyrocinia faciunt = A little vocabulary, English and Latine, : for the use of little children, that begin to learn the Latine tongue. /$fBy Charles Hoole .. 210 $aLondon: $cPrinted by Andr. Clark, for S. Mearne, bookbinder to the Kings Most Excellent Majesty.$d1671 215 $a[2], 69, [1] p 300 $a"An advertisement touching this book": p. [2] 300 $aReproduction of original in the Peterhouse Library. 330 $aeebo-0125 606 $aLatin language$vGlossaries, vocabularies, etc 606 $aEnglish language$vGlossaries, vocabularies, etc 615 0$aLatin language 615 0$aEnglish language 700 $aHoole$b Charles$f1610-1667.$0793350 801 0$bEAE 801 1$bEAE 906 $aBOOK 912 $a996393878203316 996 $aVocabularium parvum Anglo-Latinum$92298683 997 $aUNISA